| 000 | 00472nam a2200181Ia 4500 | ||
|---|---|---|---|
| 003 | LK-CoDNM | ||
| 008 | 010623t1997 xxu||||| |||| 00| 1 sin d | ||
| 040 |
_aLK-CoDNM _dLK-CoDNM _eLK-CoDNM |
||
| 041 | _asin | ||
| 080 |
_a796.358 _bMEN |
||
| 100 | _aMendis, Nalan | ||
| 245 | _aසීමිත ඔිවර කථාව | ||
| 246 | _aSeemitha overa kathawa | ||
| 260 |
_bAuthor _aPannipitiya _c1997 |
||
| 300 | _b298, 28.5 cm | ||
| 650 | _aSports Games | ||
| 942 | _cBK | ||
| 999 |
_c118577 _d118577 |
||